| 000 | 00609nam a2200217Ia 4500 | ||
|---|---|---|---|
| 003 | GCL | ||
| 008 | 140319s9999 xx 000 0 eng d | ||
| 040 |
_aGCL / _cGCL |
||
| 082 | 0 | 4 |
_a305.3 _bL G |
| 100 | 1 | _aLANCASTER, ROGER N. | |
| 245 | 1 | 0 |
_aTHE GENDER, SEXUALITY READER CULTURE, HISTORY AND POLITICAL ECONOMY / _cLANCASTER, ROGER N. |
| 700 | 1 | _aLENORADO, MICHAEL DI | |
| 260 |
_a[S.N] : _bROUTLEDGE ، _c1997 |
||
| 300 | _a574 P | ||
| 650 | 0 | 4 | _aCULTURAL STUDIES |
| 650 | 0 | 4 | _aSEX ROLE |
| 650 | 0 | 4 | _aGENDER IDENTITY |
| 650 | 0 | 4 | _aBODY, HUMAN |
| 650 | 0 | 4 | _aFEMINIST ANTHROPOLOGY |
| 942 |
_2ddc _cBK |
||
| 999 |
_c15818 _d15818 |
||